Giáo trình cung cấp điện; T2

Enregistré dans:
Détails bibliographiques
Format: Livre
Langue:Undetermined
Publié: Hà Nội ĐH và THCN 1984
Sujets:
Tags: Ajouter un tag
Pas de tags, Soyez le premier à ajouter un tag!
Thư viện lưu trữ: Trung tâm Học liệu Trường Đại học Cần Thơ
LEADER 00502nam a2200157Ia 4500
001 CTU_14112
008 210402s9999 xx 000 0 und d
082 |a 621.319 
082 |b Gi108/T2 
245 0 |a Giáo trình cung cấp điện; T2 
260 |a Hà Nội 
260 |b ĐH và THCN 
260 |c 1984 
650 |a electric engineering,electric lines,electric power distribution 
904 |i Nguyễn Quang Điền, 961230 
980 |a Trung tâm Học liệu Trường Đại học Cần Thơ